مختصر المعلومات الاساسية لمخطط التنوع البيولوجى فى لبنان/ (رقم التسجيلة. 111277)
[ عرض عادي ]
| 000 -LEADER | |
|---|---|
| fixed length control field | 00947nam a2200217 a 4500 |
| 003 - CONTROL NUMBER IDENTIFIER | |
| control field | EG-GiCUC |
| 008 - FIXED-LENGTH DATA ELEMENTS--GENERAL INFORMATION | |
| fixed length control field | 090124s2000 ua g 000 0 ara d |
| 040 ## - CATALOGING SOURCE | |
| Original cataloging agency | EG-GiCUC |
| Language of cataloging | ara |
| Transcribing agency | EG-GiCUC |
| 092 04 - LOCALLY ASSIGNED DEWEY CALL NUMBER (OCLC) | |
| Classification number | 578.7 |
| Item number | M9539 |
| Edition number | 21 |
| 099 ## - LOCAL FREE-TEXT CALL NUMBER (OCLC) | |
| Classification number | 04 |
| -- | 578.7 M9539 |
| 245 00 - TITLE STATEMENT | |
| Title | مختصر المعلومات الاساسية لمخطط التنوع البيولوجى فى لبنان/ |
| Statement of responsibility, etc. | اعداد الاتحاد الدولى لصون الطبيعة-الاتحاد العالمى للصون؛جون مارش؛ترجمة المحجوب الهيبة |
| 260 ## - PUBLICATION, DISTRIBUTION, ETC. | |
| Place of publication, distribution, etc. | لبنان: |
| Name of publisher, distributor, etc. | وزارة البيئة: |
| Date of publication, distribution, etc. | 2000 |
| 300 ## - PHYSICAL DESCRIPTION | |
| Extent | 65ص؛ |
| Dimensions | 30سم |
| 650 #7 - SUBJECT ADDED ENTRY--TOPICAL TERM | |
| Topical term or geographic name entry element | الكائنات الحية |
| General subdivision | تأثير البيئة على |
| Source of heading or term | qrmak |
| 700 1# - ADDED ENTRY--PERSONAL NAME | |
| Personal name | الهيبة : المحجوب |
| 700 1# - ADDED ENTRY--PERSONAL NAME | |
| Personal name | مارش : جون |
| 902 ## - LOCAL DATA ELEMENT B, LDB (RLIN) | |
| No. of Items | 1 |
| 905 ## - LOCAL DATA ELEMENT E, LDE (RLIN) | |
| Cataloger | اميرة |
| Reviser | مدخل |
| 942 ## - ADDED ENTRY ELEMENTS (KOHA) | |
| Source of classification or shelving scheme | Dewey Decimal Classification |
| Koha item type | Books |
| Source of classification or shelving scheme | Not for loan | Home library | Current library | Date acquired | Full call number | Barcode | Date last seen | Copy number | Koha item type |
|---|---|---|---|---|---|---|---|---|---|
| Dewey Decimal Classification | المكتبة المركزبة الجديدة - جامعة القاهرة | قاعة المكتبات المهداة - الدور الرابع | 11.02.2024 | 578.7 M9539 K.B. | 01000103000333000 | 23.06.2024 | C.1 | Books |